000 004920000a22001810004500
003 MACL
005 20150930155857.0
008 150930b xxu||||| |||| 00| 0 eng d
040 _aMACL
_cMACL
041 _aEnglish
082 _a900
100 _aBayly, C A
_912947
245 _aRulers Townsmen And Bazaars
_bNorth Indian Society In The Age Of British Expansion
260 _bOxford University Press
_c1992
_aNew Delhi
350 _a175
650 _aHistory
_912948
942 _cBK
_k900
_2ddc
999 _c3989
_d3989